00000000cam 2200000zi 4500
0019.963061
003CaOODSP
00520260526073316
006m     o  d f      
007cr mn|||||||||
008260526e19511101onc     o    f000 0 eng d
040 |aCaOODSP|beng|erda|cCaOODSP
043 |an-cn-nf
0861 |aFs52-3/430E-PDF
1001 |aTempleman, Wilfred, |eauthor.
24510|aNewfoundland commercial fish and invertebrates / |cby W. Templeman ; an account prepared for the Newfoundland Fisheries Development Committee.
264 1|a[Ottawa] : |bFisheries Research Board of Canada, |cNovember 1, 1951.
300 |a1 online resource (2, 72 pages).
336 |atext|btxt|2rdacontent
337 |acomputer|bc|2rdamedia
338 |aonline resource|bcr|2rdacarrier
4901 |aManuscript reports of the biological stations ; |vno. 430
500 |aDigitized edition from print [produced by Department of Fisheries and Oceans].
5052 |aAppendix on whales / by D. E. Sergeant -- Appendix on seals / by H. D. Fisher -- Appendix on herring / by S. N. Tibbo -- Appendix on long-lining at Bonavista / by W Templeman.
520 |a"In the following account we have given an abstract of some of our present knowledge of the distribution of commercial fish and invertebrate species in Newfoundland waters together with such parts of the life history as are pertinent to the question of fish abundance. It has been necessary to consider in brief form the basic hydrography of the area. An account is given of some of the local work in fisheries chemistry and of future fisheries research requirements in the biological field"--Introduction, page [1].
650 0|aFishes|zNewfoundland and Labrador|xGeographical distribution.
650 0|aAquatic invertebrates|zNewfoundland and Labrador|xGeographical distribution.
650 0|aFisheries|xResearch|zNewfoundland and Labrador.
650 6|aPoissons|zTerre-Neuve-et-Labrador|xDistribution géographique.
650 6|aInvertébrés aquatiques|zTerre-Neuve-et-Labrador|xDistribution géographique.
650 6|aPêches|xRecherche|zTerre-Neuve-et-Labrador.
7102 |aFisheries Research Board of Canada, |eissuing body.
7102 |aNewfoundland Fisheries Development Committee, |eissuing body.
830#0|aManuscript reports of the biological stations ;|vno. 430.|w(CaOODSP)9.899091
85640|qPDF|s2.57 MB|uhttps://publications.gc.ca/collections/collection_2026/mpo-dfo/fs52-3/Fs52-3-430-eng.pdf